anime mcs - Statistics

General Stats
  • This quiz has been taken 471 times
  • The average score is 14 of 20
Answer Stats
Hint Answer % Correct
Naruto Naruto
100%
One piece Luffy
99%
Dragon ball Goku
97%
My hero academia Deku
93%
Attack on titan Eren
93%
Death note Light
93%
Demon slayer Tanjiro
92%
One punch man Saitama
90%
Hunter x Hunter Gon
89%
Bleach Ichigo
88%
Chainsaw man Denji
77%
Black clover Asta
74%
Fairy tail Natsu
73%
Code geass Lelouch
70%
Blue lock Isagi
51%
Fire force Shinra
45%
Sword art online Kazuto
33%
Kaiju no 8 Kafka
32%
Monster Tenma
20%
Tomodachi Yuchi
2%
No matching quizzes found
Score Distribution
Percent of People with Each Score
Percentile by Number Answered
Your Score History
You have not taken this quiz